<?xml version="1.0" encoding="UTF-8"?><marc:collection xmlns:marc="http://www.loc.gov/MARC21/slim">
  <marc:record>
    <marc:leader>00000nam  2200000za 4500</marc:leader>
    <marc:controlfield tag="001">9.602385</marc:controlfield>
    <marc:controlfield tag="003">CaOODSP</marc:controlfield>
    <marc:controlfield tag="005">20210624210540</marc:controlfield>
    <marc:controlfield tag="007">cr |||||||||||</marc:controlfield>
    <marc:controlfield tag="008">150406|1997||||xxc|||||o    f|0| 0 fre d</marc:controlfield>
    <marc:datafield tag="040" ind1=" " ind2=" ">
      <marc:subfield code="a">CaOODSP</marc:subfield>
      <marc:subfield code="b">fre</marc:subfield>
    </marc:datafield>
    <marc:datafield tag="043" ind1=" " ind2=" ">
      <marc:subfield code="a">n-cn---</marc:subfield>
    </marc:datafield>
    <marc:datafield tag="086" ind1="1" ind2=" ">
      <marc:subfield code="a">C21-25/5-1997F-PDF</marc:subfield>
    </marc:datafield>
    <marc:datafield tag="110" ind1="1" ind2=" ">
      <marc:subfield code="a">Canada. </marc:subfield>
      <marc:subfield code="b">Industrie Canada. </marc:subfield>
      <marc:subfield code="b">Direction générale de l'analyse de la politique micro-économique.</marc:subfield>
    </marc:datafield>
    <marc:datafield tag="245" ind1="1" ind2="3">
      <marc:subfield code="a">La recherche d'Industrie Canada sur l'investissement étranger </marc:subfield>
      <marc:subfield code="h">[ressource électronique] : </marc:subfield>
      <marc:subfield code="b">enseignements et incidence sur les politiques / </marc:subfield>
      <marc:subfield code="c">par Ronald Hirshhorn. </marc:subfield>
    </marc:datafield>
    <marc:datafield tag="260" ind1=" " ind2=" ">
      <marc:subfield code="a">Ottawa : </marc:subfield>
      <marc:subfield code="b">Industrie Canada, </marc:subfield>
      <marc:subfield code="c">Octobre 1997.</marc:subfield>
    </marc:datafield>
    <marc:datafield tag="300" ind1=" " ind2=" ">
      <marc:subfield code="a">60 p.</marc:subfield>
    </marc:datafield>
    <marc:datafield tag="490" ind1="1" ind2=" ">
      <marc:subfield code="a">Document de discussion ; </marc:subfield>
      <marc:subfield code="v">N° 5</marc:subfield>
    </marc:datafield>
    <marc:datafield tag="500" ind1=" " ind2=" ">
      <marc:subfield code="a">Le n° de catalogue (C21-25/5-1997) et l'ISBN (0-662-63199-4) de l'édition imprimée bilingue ont été incorrectement copiés dans l'édition électronique.</marc:subfield>
    </marc:datafield>
    <marc:datafield tag="504" ind1=" " ind2=" ">
      <marc:subfield code="a">Bibliographie.</marc:subfield>
    </marc:datafield>
    <marc:datafield tag="520" ind1="3" ind2=" ">
      <marc:subfield code="a">Notre étude a pour objet de considérer les incidences politiques de l'ensemble de ces travaux de recherche. Puisque l'accent est mis sur les politiques, notre étude s'intéresse davantage aux conclusions de nature positive qu'a celles à caractère normatif.--Introduction</marc:subfield>
    </marc:datafield>
    <marc:datafield tag="590" ind1=" " ind2=" ">
      <marc:subfield code="a">11-25-Supp</marc:subfield>
      <marc:subfield code="b">2011-10-31</marc:subfield>
    </marc:datafield>
    <marc:datafield tag="720" ind1="1" ind2=" ">
      <marc:subfield code="a">Hirshhorn, Ronald</marc:subfield>
    </marc:datafield>
    <marc:datafield tag="775" ind1="0" ind2="8">
      <marc:subfield code="t">Industry Canada's foreign investment research </marc:subfield>
      <marc:subfield code="w">(CaOODSP)9.571965</marc:subfield>
    </marc:datafield>
    <marc:datafield tag="776" ind1="0" ind2="#">
      <marc:subfield code="t">Industry Canada's foreign investment research: messages and policy implications / </marc:subfield>
      <marc:subfield code="w">(CaOODSP)9.529638</marc:subfield>
    </marc:datafield>
    <marc:datafield tag="776" ind1="0" ind2="#">
      <marc:subfield code="t">La recherche d'Industrie Canada sur l'investissement étranger: enseignements et incidence sur les politiques / </marc:subfield>
      <marc:subfield code="w">(CaOODSP)9.529639</marc:subfield>
    </marc:datafield>
    <marc:datafield tag="830" ind1="#" ind2="0">
      <marc:subfield code="a">Document de discussion (Canada. Industrie Canada : En ligne)</marc:subfield>
      <marc:subfield code="v">N° 5</marc:subfield>
      <marc:subfield code="w">(CaOODSP)9.500838</marc:subfield>
    </marc:datafield>
    <marc:datafield tag="856" ind1="4" ind2="0">
      <marc:subfield code="a">http://publications.gc.ca</marc:subfield>
      <marc:subfield code="q">PDF</marc:subfield>
      <marc:subfield code="s">186 Ko</marc:subfield>
      <marc:subfield code="u">https://publications.gc.ca/collections/Collection/C21-25-5-1997F.pdf</marc:subfield>
      <marc:subfield code="y">N° 5</marc:subfield>
    </marc:datafield>
  </marc:record>
</marc:collection>
